[Event "Univé Chess Tournament 2009 - Open"]
[Site "Hoogeveen NED"]
[Date "2009.10.16"]
[Round "1.25"]
[White "Ypma, Peter"]
[Black "Afek, Yochanan"]
[Result "0-1"]
[WhiteElo "2052"]
[BlackElo "2303"]
[PlyCount "90"]
[EventDate "2009.10.16"]
[EventType "swiss"]
[EventRounds "9"]
[EventCountry "NED"]
[Source "lmi"]
[SourceDate "2009.10.16"]

1. e4 c5 2. c3 e6 3. d4 d5 4. e5 Bd7 5. g3 Qb6 6. Nf3 Ne7 7. Bh3 Bb5 8. a4 Bd7
9. O-O cxd4 10. cxd4 Nbc6 11. b3 Ng6 12. Ba3 Bxa3 13. Nxa3 a6 14. Nc2 Rc8 15.
Ne3 Nge7 16. Qd2 Qb4 17. Qd3 Na5 18. Rfc1 Rxc1+ 19. Rxc1 Qxb3 20. Qd2 Nc4 21.
Nxc4 dxc4 22. Qe2 Bxa4 23. Nd2 Qd3 24. Qxd3 cxd3 25. Bf1 Bc2 26. Bg2 Nd5 27.
Kf1 Ke7 28. Ke1 b5 29. Ra1 Ra8 30. Ra5 Ra7 31. Ne4 b4 32. Nd6 b3 33. Nc4 Rc7
34. Nb2 Bb1 35. Rc5 Rxc5 36. dxc5 Kd7 37. Bxd5 exd5 38. Kd2 Kc6 39. Na4 Bc2 40.
f4 Kb5 41. f5 Kxa4 42. e6 fxe6 43. fxe6 b2 44. e7 b1=Q 45. e8=Q+ Qb5 0-1

[Event "Univé Chess Tournament 2009 - Open"]
[Site "Hoogeveen NED"]
[Date "2009.10.16"]
[Round "1.26"]
[White "Van Kooten, Luuk"]
[Black "Beijerinck, Nick"]
[Result "1-0"]
[WhiteElo "2292"]
[BlackElo "2044"]
[PlyCount "79"]
[EventDate "2009.10.16"]
[EventType "swiss"]
[EventRounds "9"]
[EventCountry "NED"]
[Source "lmi"]
[SourceDate "2009.10.16"]

1. d4 Nf6 2. c4 g6 3. Nc3 Bg7 4. e4 d6 5. Bd3 O-O 6. Nge2 Nc6 7. O-O e5 8. d5
Nd4 9. Rb1 Nd7 10. b4 a5 11. a3 Nb8 12. Nxd4 exd4 13. Ne2 axb4 14. axb4 c5 15.
bxc5 dxc5 16. f4 Qc7 17. Ng3 f6 18. e5 fxe5 19. f5 Ra6 20. fxg6 Rxf1+ 21. Qxf1
hxg6 22. Be4 Qf7 23. Qd3 Kh7 24. h4 Kg8 25. Bg5 Nd7 26. Rf1 Qe8 27. d6 Nf8 28.
Be7 Be6 29. Bxf8 Bxf8 30. Bxg6 Qd8 31. Ne4 Qxh4 32. Qf3 Bh6 33. Bf7+ Kg7 34.
Bxe6 Be3+ 35. Nf2 Bxf2+ 36. Rxf2 Ra1+ 37. Rf1 Rxf1+ 38. Qxf1 Qg5 39. Qf7+ Kh8
40. Qe8+ 1-0

[Event "Univé Chess Tournament 2009 - Open"]
[Site "Hoogeveen NED"]
[Date "2009.10.16"]
[Round "1.28"]
[White "Genova, Lyubka"]
[Black "Beukema, Stefan"]
[Result "1-0"]
[WhiteElo "2250"]
[BlackElo "2032"]
[PlyCount "61"]
[EventDate "2009.10.16"]
[EventType "swiss"]
[EventRounds "9"]
[EventCountry "NED"]
[Source "lmi"]
[SourceDate "2009.10.16"]

1. b3 e5 2. Bb2 Nc6 3. c4 f5 4. g3 Nf6 5. Bg2 d5 6. cxd5 Nxd5 7. h4 g6 8. Nc3
Be6 9. Nf3 Bg7 10. Rc1 h6 11. Na4 Qd6 12. Nc5 O-O-O 13. a3 Rh7 14. e4 Nf6 15.
d3 b6 16. Nxe6 Qxe6 17. Qc2 fxe4 18. Bh3 Ng4 19. Qxc6 Qxc6 20. Rxc6 exf3 21.
Bxg4+ Kb7 22. Bxf3 e4 23. Bxe4 Bxb2 24. Rc2+ Ka6 25. Rxb2 Re7 26. O-O Rd6 27.
b4 Kb5 28. Rc1 Ka4 29. Rc3 a6 30. Kf1 b5 31. Bf3 1-0

[Event "Univé Chess Tournament 2009 - Open"]
[Site "Hoogeveen NED"]
[Date "2009.10.16"]
[Round "1.29"]
[White "Bijlsma, Nick"]
[Black "Klein, David"]
[Result "0-1"]
[WhiteElo "2028"]
[BlackElo "2248"]
[PlyCount "62"]
[EventDate "2009.10.16"]
[EventType "swiss"]
[EventRounds "9"]
[EventCountry "NED"]
[Source "lmi"]
[SourceDate "2009.10.16"]

1. e4 c5 2. Nf3 d6 3. d4 cxd4 4. Nxd4 Nf6 5. Nc3 Nc6 6. Bc4 e6 7. Be3 a6 8. Qe2
Qc7 9. O-O-O Na5 10. Bb3 b5 11. g4 b4 12. Na4 Nxb3+ 13. axb3 Nxe4 14. Bf4 Bb7
15. f3 Nf6 16. Nxe6 fxe6 17. Qxe6+ Qe7 18. Qc4 Rc8 19. Qxb4 Qc7 20. c3 Kf7 21.
Rhf1 Be7 22. Qd4 Rhe8 23. Nb6 Rcd8 24. Bg3 Kg8 25. h4 Qc5 26. g5 Qxd4 27. Rxd4
Nh5 28. Bh2 d5 29. b4 Bd6 30. Bxd6 Rxd6 31. Na4 Ng3 0-1

[Event "Univé Chess Tournament 2009 - Open"]
[Site "Hoogeveen NED"]
[Date "2009.10.16"]
[Round "1.30"]
[White "Timmermans, Ivo"]
[Black "Hummel, Joop"]
[Result "1-0"]
[WhiteElo "2237"]
[BlackElo "2025"]
[PlyCount "77"]
[EventDate "2009.10.16"]
[EventType "swiss"]
[EventRounds "9"]
[EventCountry "NED"]
[Source "lmi"]
[SourceDate "2009.10.16"]

1. e4 e5 2. Nf3 Nf6 3. Nxe5 d6 4. Nf3 Nxe4 5. Nc3 Nf6 6. d4 Be7 7. Bf4 c6 8.
Qd2 b5 9. Bd3 O-O 10. h3 Na6 11. a4 b4 12. Ne2 Nd5 13. O-O Nxf4 14. Nxf4 Rb8
15. Rfe1 Nc7 16. Qe2 Re8 17. Qe4 g6 18. Qxc6 Bb7 19. Qc4 Bxf3 20. gxf3 d5 21.
Qb3 Bd6 22. Rxe8+ Qxe8 23. Ng2 Qe6 24. Re1 Qxh3 25. f4 Qg4 26. Be2 Qf5 27. Bd3
Qf6 28. c3 Ne6 29. Qxd5 Nxf4 30. Nxf4 Qxf4 31. Re3 Qg4+ 32. Kf1 Bh2 33. Bc4 Rf8
34. cxb4 Qd1+ 35. Kg2 Qg1+ 36. Kh3 Bb8 37. Qg2 Qd1 38. Qe4 h5 39. Qxg6+ 1-0

[Event "Univé Chess Tournament 2009 - Open"]
[Site "Hoogeveen NED"]
[Date "2009.10.16"]
[Round "1.31"]
[White "Stavast, Dick"]
[Black "Heemskerk, Wim"]
[Result "1/2-1/2"]
[WhiteElo "1998"]
[BlackElo "2236"]
[PlyCount "86"]
[EventDate "2009.10.16"]
[EventType "swiss"]
[EventRounds "9"]
[EventCountry "NED"]
[Source "lmi"]
[SourceDate "2009.10.16"]

1. Nf3 e6 2. b3 f5 3. c4 Nf6 4. e3 b6 5. Be2 Bb7 6. O-O Be7 7. Bb2 O-O 8. Nc3
c5 9. d4 Ne4 10. d5 Bf6 11. Qc2 Nxc3 12. Bxc3 exd5 13. cxd5 d6 14. Rac1 Bxc3
15. Qxc3 Nd7 16. Rfd1 Qe7 17. Bb5 Nf6 18. Qd3 Ne4 19. Nd2 Rf6 20. Rc4 Nxd2 21.
Rxd2 Raf8 22. g3 Bc8 23. f4 Bd7 24. Bxd7 Qxd7 25. Re2 b5 26. Rc1 Re8 27. e4
fxe4 28. Rxe4 Rff8 29. Rce1 Qf5 30. Qe2 Rxe4 31. Qxe4 Qxe4 32. Rxe4 Rf5 33. Re7
b4 34. Rxa7 Rxd5 35. Kg2 Rd2+ 36. Kf3 Rxh2 37. Ke4 h5 38. Rd7 Rd2 39. Kf5 Kh7
40. Kg5 Rd3 41. Kxh5 Rxg3 42. Rxd6 Rg2 43. Ra6 Rc2 1/2-1/2

[Event "Univé Chess Tournament 2009 - Open"]
[Site "Hoogeveen NED"]
[Date "2009.10.17"]
[Round "2.1"]
[White "Grooten, Herman"]
[Black "Nijboer, Friso"]
[Result "1/2-1/2"]
[WhiteElo "2328"]
[BlackElo "2540"]
[PlyCount "142"]
[EventDate "2009.10.16"]
[EventType "swiss"]
[EventRounds "9"]
[EventCountry "NED"]
[Source "lmi"]
[SourceDate "2009.10.16"]

1. d4 Nf6 2. c4 g6 3. Nc3 Bg7 4. e4 d6 5. Nf3 O-O 6. h3 e5 7. d5 a5 8. Bg5 Na6
9. Nd2 h6 10. Be3 Nh7 11. g4 Bd7 12. Be2 Nc5 13. h4 a4 14. Nf1 c6 15. Qd2 cxd5
16. cxd5 Qa5 17. Ng3 a3 18. b3 Rfc8 19. Rc1 Nf6 20. f3 Bxg4 21. b4 Qxb4 22. Rb1
Nd3+ 23. Bxd3 Qxc3 24. fxg4 Nxg4 25. Qxc3 Rxc3 26. Kd2 Rac8 27. Ne2 R3c7 28. h5
Nxe3 29. Kxe3 Bf6 30. Rb3 Bg5+ 31. Kf3 f5 32. hxg6 fxe4+ 33. Bxe4 Rf8+ 34. Kg2
Rc4 35. Bf3 e4 36. Bg4 e3 37. Be6+ Kg7 38. Bf7 Rc2 39. Kf3 Rxa2 40. Rf1 Ra8 41.
Rxb7 h5 42. Be8+ Kg8 43. Bd7 Kg7 44. Bb5+ Kg8 45. Bc4 Rc2 46. Bd3 Rf8+ 47. Rf7
Rd2 48. Ke4 Re8+ 49. Kd4 Bh6 50. Ng3 e2 51. Nxh5 exf1=Q 52. Rxf1 Rf8 53. Rh1
Rf3 54. Nf6+ Rxf6 55. Rxh6 Rf3 56. Ke4 Rdxd3 57. Rh8+ Kg7 58. Rh7+ Kxg6 59.
Rh6+ Kg5 60. Rh5+ Kg4 61. Rh4+ Kg3 62. Rh3+ Kf2 63. Rh2+ Ke1 64. Re2+ Kd1 65.
Re1+ Kc2 66. Rc1+ Kb3 67. Rb1+ Kc4 68. Rb4+ Kc3 69. Rc4+ Kb2 70. Rc2+ Kb3 71.
Rb2+ axb2 1/2-1/2

[Event "Univé Chess Tournament 2009 - Open"]
[Site "Hoogeveen NED"]
[Date "2009.10.17"]
[Round "2.3"]
[White "Haslinger, Stewart"]
[Black "De Jong, Migchiel"]
[Result "1/2-1/2"]
[WhiteElo "2529"]
[BlackElo "2373"]
[PlyCount "116"]
[EventDate "2009.10.16"]
[EventType "swiss"]
[EventRounds "9"]
[EventCountry "NED"]
[Source "lmi"]
[SourceDate "2009.10.16"]

1. e4 e6 2. d4 d5 3. Nd2 c5 4. exd5 Qxd5 5. Ngf3 cxd4 6. Bc4 Qd6 7. O-O Nf6 8.
Nb3 Nc6 9. Nbxd4 Nxd4 10. Nxd4 a6 11. Re1 Qc7 12. Qe2 Be7 13. Bg5 O-O 14. Bb3
Bd7 15. Rad1 Rfe8 16. Bh4 Rad8 17. Bg3 Bd6 18. Bxd6 Qxd6 19. Nf5 Qb6 20. Nd6
Bb5 21. Qe5 Re7 22. Nf5 Red7 23. Rxd7 Rxd7 24. Nxg7 Ng4 25. Qg3 Rd2 26. Nxe6 h5
27. Qf4 Qxf2+ 28. Qxf2 Nxf2 29. Ng5 Bc6 30. Nxf7 Kg7 31. Ne5 Bxg2 32. Kxg2 Nd3+
33. Kf1 Nxe1 34. Kxe1 Rxh2 35. Nf3 Rh1+ 36. Ke2 Rb1 37. Nd2 Rc1 38. c3 h4 39.
Be6 Rc2 40. b4 Rxc3 41. Nf3 Kf6 42. Bd5 h3 43. Kf2 b5 44. Kg3 Rd3 45. Be4 Re3
46. Bd5 Ke7 47. Bb7 Kd6 48. Bxa6 Kc6 49. Kf2 Ra3 50. Bc8 Rxa2+ 51. Kg3 h2 52.
Nxh2 Rb2 53. Nf3 Rxb4 54. Kf2 Kc5 55. Ke3 Rb3+ 56. Ke2 b4 57. Be6 Ra3 58. Ne1
Kd4 1/2-1/2

[Event "Univé Chess Tournament 2009 - Open"]
[Site "Hoogeveen NED"]
[Date "2009.10.17"]
[Round "2.4"]
[White "Clemens, Adrian"]
[Black "Kraai, Jesse"]
[Result "0-1"]
[WhiteElo "2264"]
[BlackElo "2526"]
[PlyCount "108"]
[EventDate "2009.10.16"]
[EventType "swiss"]
[EventRounds "9"]
[EventCountry "NED"]
[Source "lmi"]
[SourceDate "2009.10.16"]

1. d4 Nf6 2. Nf3 e6 3. e3 c5 4. Bd3 d5 5. b3 b6 6. O-O Bb7 7. Bb2 Be7 8. Ne5
O-O 9. Nd2 Nc6 10. f4 Nb4 11. Be2 Ne4 12. a3 Nc6 13. Bd3 Nxe5 14. fxe5 Rc8 15.
Nxe4 dxe4 16. Bc4 Qc7 17. d5 exd5 18. Bxd5 Bg5 19. Re1 Bxd5 20. Qxd5 c4 21. Bd4
cxb3 22. cxb3 Qc6 23. Qxc6 Rxc6 24. Rec1 Rfc8 25. Rxc6 Rxc6 26. a4 h6 27. a5
bxa5 28. Rxa5 a6 29. g3 Kf8 30. Rd5 Ke7 31. Ra5 Ke6 32. b4 Bd8 33. Ra2 Bc7 34.
b5 axb5 35. Rb2 Bxe5 36. Bxe5 Kxe5 37. Rxb5+ Ke6 38. Rb2 f5 39. Kf2 Kf6 40. Ra2
Kg5 41. h3 h5 42. h4+ Kg4 43. Kg2 Rc3 44. Rf2 g5 45. hxg5 Rxe3 46. g6 Ra3 47.
g7 Ra8 48. Rb2 Rg8 49. Rb7 Kg5 50. Kh3 Kf6 51. Kh4 Rxg7 52. Rb6+ Ke5 53. Rb5+
Kd4 54. Rxf5 e3 0-1

[Event "Univé Chess Tournament 2009 - Open"]
[Site "Hoogeveen NED"]
[Date "2009.10.17"]
[Round "2.6"]
[White "Klein, David"]
[Black "Kasparov, Sergey"]
[Result "0-1"]
[WhiteElo "2248"]
[BlackElo "2488"]
[PlyCount "124"]
[EventDate "2009.10.16"]
[EventType "swiss"]
[EventRounds "9"]
[EventCountry "NED"]
[Source "lmi"]
[SourceDate "2009.10.16"]

1. e4 c6 2. d4 d5 3. e5 Bf5 4. Nf3 e6 5. Be2 Nd7 6. O-O Ne7 7. Nh4 Be4 8. Nd2
c5 9. Nxe4 dxe4 10. c3 Nc6 11. g3 Nb6 12. Be3 cxd4 13. cxd4 Be7 14. Ng2 O-O 15.
Bb5 Rc8 16. Bxc6 Rxc6 17. Qb1 Qd5 18. Nf4 Qb5 19. b3 Bg5 20. Qxe4 Bxf4 21. Qxf4
Nd5 22. Qf3 Rfc8 23. Rfc1 Qa6 24. Rxc6 Rxc6 25. Qd1 h6 26. Qd2 Rc3 27. Rc1
Rxc1+ 28. Qxc1 Qxa2 29. Qc8+ Kh7 30. Qxb7 Kg6 31. h4 h5 32. Qb5 Qb1+ 33. Kh2
Qc2 34. Kg1 Nxe3 35. fxe3 Qd2 36. Qd7 Qxe3+ 37. Kg2 Qe2+ 38. Kg1 Qf3 39. Qxa7
Qxg3+ 40. Kf1 Qxb3 41. Qe7 Qd1+ 42. Kg2 Qg4+ 43. Kf1 Qf4+ 44. Kg2 Qxd4 45. Qg5+
Kh7 46. Qxh5+ Kg8 47. Qg5 f6 48. exf6 Qxf6 49. Qb5 Kh7 50. Kg3 e5 51. Qd5 Qf4+
52. Kh3 Qe3+ 53. Kg2 Qd4 54. Qf3 Qxh4 55. Qf5+ Kh6 56. Qe6+ Qf6 57. Qh3+ Kg6
58. Qd3+ Qf5 59. Qd6+ Kh7 60. Kh1 Qh5+ 61. Kg2 Qg6+ 62. Kf3 Qxd6 0-1

[Event "Univé Chess Tournament 2009 - Open"]
[Site "Hoogeveen NED"]
[Date "2009.10.17"]
[Round "2.7"]
[White "Mostertman, Milan"]
[Black "Genov, Petar"]
[Result "1/2-1/2"]
[WhiteElo "2138"]
[BlackElo "2470"]
[PlyCount "39"]
[EventDate "2009.10.16"]
[EventType "swiss"]
[EventRounds "9"]
[EventCountry "NED"]
[Source "lmi"]
[SourceDate "2009.10.16"]

1. e4 c6 2. d4 d5 3. e5 Bf5 4. h4 h5 5. c4 e6 6. Nc3 Be7 7. cxd5 cxd5 8. Bd3
Bxd3 9. Qxd3 Nc6 10. Nf3 Bb4 11. O-O Nge7 12. Bg5 Bxc3 13. Qxc3 Qd7 14. Bxe7
Qxe7 15. Rac1 O-O 16. a3 Qd7 17. Qd2 Qe7 18. Rc2 Rac8 19. Rfc1 a6 20. g3
1/2-1/2

[Event "Univé Chess Tournament 2009 - Open"]
[Site "Hoogeveen NED"]
[Date "2009.10.17"]
[Round "2.8"]
[White "Riemersma, Li"]
[Black "Genova, Lyubka"]
[Result "1-0"]
[WhiteElo "2431"]
[BlackElo "2250"]
[PlyCount "99"]
[EventDate "2009.10.16"]
[EventType "swiss"]
[EventRounds "9"]
[EventCountry "NED"]
[Source "lmi"]
[SourceDate "2009.10.16"]

1. d4 g6 2. c4 Bg7 3. Nc3 d6 4. e4 e5 5. Nge2 Nc6 6. Be3 exd4 7. Nxd4 Nge7 8.
h4 h6 9. Be2 a6 10. Qd2 Ne5 11. Nf3 Be6 12. Nd5 Nxf3+ 13. gxf3 c5 14. h5 Nc6
15. hxg6 fxg6 16. O-O-O Bxd5 17. exd5 Nd4 18. Bd3 Nxf3 19. Qe2 Ne5 20. Bxc5
dxc5 21. f4 O-O 22. fxe5 Qg5+ 23. Kb1 Qxe5 24. Qxe5 Bxe5 25. Rxh6 Rf6 26. Rg1
Kg7 27. Rhxg6+ Rxg6 28. Rxg6+ Kf7 29. Re6 Bf6 30. Rb6 Rb8 31. Kc2 Bd8 32. Rd6
b6 33. Rd7+ Kf6 34. Ra7 a5 35. Kb3 Ke5 36. Rd7 Bg5 37. Rf7 Kd4 38. Bf1 Bc1 39.
d6 Ke5 40. d7 Rd8 41. Bh3 Kd6 42. Rf2 Kc7 43. Re2 Rh8 44. Bg4 Bg5 45. Re8 Rh4
46. Rc8+ Kd6 47. d8=Q+ Bxd8 48. Rxd8+ Kc7 49. Rd7+ Kc6 50. Rg7 1-0

[Event "Univé Chess Tournament 2009 - Open"]
[Site "Hoogeveen NED"]
[Date "2009.10.17"]
[Round "2.9"]
[White "Hoffman, Ron"]
[Black "Caspi, Israel"]
[Result "0-1"]
[WhiteElo "2107"]
[BlackElo "2404"]
[PlyCount "54"]
[EventDate "2009.10.16"]
[EventType "swiss"]
[EventRounds "9"]
[EventCountry "NED"]
[Source "lmi"]
[SourceDate "2009.10.16"]

1. d4 f5 2. Nf3 Nf6 3. c4 g6 4. g3 Bg7 5. Bg2 O-O 6. Nc3 d6 7. O-O Nc6 8. a3
Ne4 9. Qd3 Nxc3 10. Qxc3 e5 11. dxe5 dxe5 12. Qc2 e4 13. Nd2 Nd4 14. Qd1 Be6
15. Rb1 Qd6 16. e3 Nc6 17. b4 Rfd8 18. Qc2 Ne5 19. Re1 Qd3 20. Qxd3 Nxd3 21.
Re2 Rd7 22. f3 Rad8 23. Nb3 Bxc4 24. Rc2 Ne5 25. Nc5 Rd1+ 26. Kf2 Nd3+ 27. Nxd3
Bxd3 0-1

[Event "Univé Chess Tournament 2009 - Open"]
[Site "Hoogeveen NED"]
[Date "2009.10.17"]
[Round "2.10"]
[White "Slingerland, Fred"]
[Black "Timmermans, Ivo"]
[Result "1-0"]
[WhiteElo "2395"]
[BlackElo "2237"]
[PlyCount "95"]
[EventDate "2009.10.16"]
[EventType "swiss"]
[EventRounds "9"]
[EventCountry "NED"]
[Source "lmi"]
[SourceDate "2009.10.16"]

1. e4 e6 2. d4 d5 3. Nc3 Bb4 4. Nge2 Nc6 5. a3 Ba5 6. e5 f6 7. exf6 Qxf6 8. Be3
Nge7 9. Ng3 e5 10. Bb5 O-O 11. Nge2 exd4 12. Nxd4 Qg6 13. Qd2 Ne5 14. O-O-O c6
15. Be2 Nf5 16. Nxf5 Bxf5 17. h3 Rad8 18. Bd4 Nc4 19. Bxc4 dxc4 20. Qe2 Kh8 21.
g4 Bd3 22. cxd3 Rxd4 23. dxc4 Bxc3 24. bxc3 Re4 25. Qc2 Rxc4 26. Qxg6 hxg6 27.
Rd3 Rxf2 28. Re1 g5 29. Re5 Ra4 30. Rxg5 Rxa3 31. Kb1 Rb3+ 32. Kc1 Ra3 33. Kb1
a5 34. Rd8+ Kh7 35. Rd7 Rb3+ 36. Kc1 Rxc3+ 37. Kd1 Rxh3 38. Rdxg7+ Kh8 39. Rg8+
Kh7 40. R8g7+ Kh8 41. Rg8+ Kh7 42. R5g7+ Kh6 43. g5+ Kh5 44. Rh7+ Kg4 45. Rxh3
Kxh3 46. g6 Kg2 47. Re8 Rf1+ 48. Kd2 1-0

[Event "Univé Chess Tournament 2009 - Open"]
[Site "Hoogeveen NED"]
[Date "2009.10.17"]
[Round "2.11"]
[White "Warmelink, Evie"]
[Black "Willemze, Thomas"]
[Result "0-1"]
[WhiteElo "1941"]
[BlackElo "2391"]
[PlyCount "44"]
[EventDate "2009.10.16"]
[EventType "swiss"]
[EventRounds "9"]
[EventCountry "NED"]
[Source "lmi"]
[SourceDate "2009.10.16"]

1. e4 c5 2. Nc3 a6 3. g3 b5 4. Bg2 Bb7 5. d3 e6 6. f4 b4 7. Nce2 d5 8. exd5
Bxd5 9. Nf3 Be7 10. O-O h5 11. h3 Nd7 12. Be3 Bf6 13. c4 Bb7 14. d4 Ne7 15. Qc2
Qc7 16. Rad1 Rc8 17. b3 Nf5 18. Bf2 Bxf3 19. Bxf3 cxd4 20. Kg2 Qb6 21. Nxd4
Bxd4 22. Bxd4 Qxd4 0-1

[Event "Univé Chess Tournament 2009 - Open"]
[Site "Hoogeveen NED"]
[Date "2009.10.17"]
[Round "2.12"]
[White "Van Oosterom, Chiel"]
[Black "Hulshof, Peter"]
[Result "1-0"]
[WhiteElo "2386"]
[BlackElo "2216"]
[PlyCount "45"]
[EventDate "2009.10.16"]
[EventType "swiss"]
[EventRounds "9"]
[EventCountry "NED"]
[Source "lmi"]
[SourceDate "2009.10.16"]

1. e4 g6 2. d4 Bg7 3. Nc3 c6 4. f4 d5 5. e5 Nh6 6. Nf3 f6 7. Be3 O-O 8. h3 b6
9. Qd2 Ba6 10. O-O-O Nf5 11. Bf2 Bxf1 12. Rdxf1 fxe5 13. dxe5 e6 14. g4 Ne7 15.
h4 Re8 16. h5 Nd7 17. Bh4 Qc7 18. Qh2 Nf8 19. Bf6 Nc8 20. hxg6 hxg6 21. Qh8+
Bxh8 22. Rxh8+ Kf7 23. Ng5# 1-0

[Event "Univé Chess Tournament 2009 - Open"]
[Site "Hoogeveen NED"]
[Date "2009.10.17"]
[Round "2.13"]
[White "Friedel, Joshua E"]
[Black "Fehr, Axel"]
[Result "1-0"]
[WhiteElo "2555"]
[BlackElo "2128"]
[PlyCount "67"]
[EventDate "2009.10.16"]
[EventType "swiss"]
[EventRounds "9"]
[EventCountry "NED"]
[Source "lmi"]
[SourceDate "2009.10.16"]

1. e4 c6 2. d4 d5 3. exd5 cxd5 4. c4 Nf6 5. Nc3 g6 6. Qb3 Bg7 7. cxd5 O-O 8.
Nge2 e6 9. dxe6 Bxe6 10. Qxb7 Nbd7 11. Nf4 Bf5 12. Be2 Re8 13. O-O Rb8 14. Qxa7
Nb6 15. Bf3 Qxd4 16. Nfe2 Qb4 17. a3 Qe7 18. Qxe7 Rxe7 19. a4 Nc4 20. a5 Ne5
21. a6 Nxf3+ 22. gxf3 Bd3 23. Be3 Ra8 24. b4 Bxe2 25. Nxe2 Nd5 26. b5 Bxa1 27.
Rxa1 Nxe3 28. fxe3 Rxe3 29. Nd4 Re7 30. b6 Rd7 31. Nc6 Kg7 32. Ra4 Kf6 33. b7
Rxa6 34. Rxa6 1-0

[Event "Univé Chess Tournament 2009 - Open"]
[Site "Hoogeveen NED"]
[Date "2009.10.17"]
[Round "2.14"]
[White "Gruenfeld, Yehuda"]
[Black "Vinke, Andreas"]
[Result "1-0"]
[WhiteElo "2474"]
[BlackElo "2232"]
[PlyCount "137"]
[EventDate "2009.10.16"]
[EventType "swiss"]
[EventRounds "9"]
[EventCountry "NED"]
[Source "lmi"]
[SourceDate "2009.10.16"]

1. e4 e6 2. d4 d5 3. Nc3 Bb4 4. e5 Ne7 5. a3 Bxc3+ 6. bxc3 b6 7. Bb5+ c6 8. Bd3
Ba6 9. a4 Bxd3 10. cxd3 c5 11. dxc5 bxc5 12. Nf3 Nbc6 13. O-O Qc7 14. Re1 O-O
15. Ba3 Qa5 16. d4 cxd4 17. cxd4 Nb4 18. Qd2 Nec6 19. Rec1 Rfb8 20. Rc5 Qd8 21.
Rac1 Qe8 22. a5 Rb7 23. h4 Rab8 24. a6 Rb6 25. Bxb4 Nxb4 26. Rc7 Nxa6 27. Rxa7
R8b7 28. Qa5 Rxa7 29. Qxb6 Ra8 30. Rc6 h6 31. Rd6 Qc8 32. Kh2 Qc7 33. Qb5 Qa7
34. Rd7 Qb8 35. Rb7 Qc8 36. Rb6 Nc7 37. Qc5 Ne8 38. Qe7 Qd8 39. Qb4 Rc8 40. g3
Rc4 41. Qb5 Rc7 42. Kg2 Qd7 43. Qb2 Rc6 44. Rb3 Rc8 45. Ne1 Qc6 46. Nd3 Qc2 47.
Nc5 Qxb2 48. Rxb2 Rc7 49. h5 Kf8 50. Ra2 Rc6 51. Ra7 Nc7 52. Kf3 Ke7 53. Ke3
Kd8 54. g4 Rb6 55. f4 Rb1 56. Nb7+ Kd7 57. Nd6 f6 58. exf6 gxf6 59. Nf7 Rh1 60.
Nxh6 f5 61. Kf2 Kc6 62. Kg2 Rh4 63. Kg3 Rh1 64. g5 Rxh5 65. Nf7 Rh7 66. g6 Rg7
67. Ne5+ Kd6 68. Kh4 Ne8 69. Rf7 1-0

[Event "Univé Chess Tournament 2009 - Open"]
[Site "Hoogeveen NED"]
[Date "2009.10.17"]
[Round "2.15"]
[White "Tondivar, Babak"]
[Black "Kasparova, Tatiana"]
[Result "1/2-1/2"]
[WhiteElo "2367"]
[BlackElo "2175"]
[PlyCount "58"]
[EventDate "2009.10.16"]
[EventType "swiss"]
[EventRounds "9"]
[EventCountry "NED"]
[Source "lmi"]
[SourceDate "2009.10.16"]

1. Nf3 Nf6 2. g3 b6 3. Bg2 Bb7 4. c4 c5 5. O-O e6 6. Nc3 Be7 7. d4 cxd4 8. Qxd4
d6 9. Bg5 Nbd7 10. Nb5 h6 11. Bxf6 Nxf6 12. Rfd1 d5 13. cxd5 Bxd5 14. Qa4 O-O
15. Nc3 Qe8 16. Qxe8 Raxe8 17. Nxd5 Nxd5 18. Nd4 Bf6 19. Rac1 Rc8 20. Bxd5 Rxc1
21. Rxc1 Bxd4 22. Bb3 Bxb2 23. Rc7 a5 24. Rb7 Bd4 25. e3 Bc5 26. Kf1 Rd8 27.
Ke2 g6 28. a4 Rd6 29. Bc4 Rd8 1/2-1/2

[Event "Univé Chess Tournament 2009 - Open"]
[Site "Hoogeveen NED"]
[Date "2009.10.17"]
[Round "2.16"]
[White "Vedder, Henk"]
[Black "Hendriks, Richard"]
[Result "1-0"]
[WhiteElo "2364"]
[BlackElo "2117"]
[PlyCount "115"]
[EventDate "2009.10.16"]
[EventType "swiss"]
[EventRounds "9"]
[EventCountry "NED"]
[Source "lmi"]
[SourceDate "2009.10.16"]

1. e4 e5 2. Nf3 d6 3. d4 exd4 4. Qxd4 Nf6 5. Nc3 Be7 6. b3 O-O 7. Bb2 c6 8.
O-O-O Qb6 9. Qd2 Na6 10. Na4 Qc7 11. Bxa6 bxa6 12. Nc3 Nd7 13. Nd4 Nb6 14. g4
d5 15. Nf5 Bxf5 16. gxf5 dxe4 17. Nxe4 Rfd8 18. Qc3 Qf4+ 19. Kb1 f6 20. Qxc6
Qxf5 21. Ng3 Qg6 22. Rxd8+ Rxd8 23. Qb7 Bf8 24. Qxa7 Rd2 25. Rc1 Nd5 26. Qxa6
Qf7 27. Ne4 Nb4 28. Qb5 Rd5 29. Qc4 Rh5 30. Qxf7+ Kxf7 31. Rh1 Rh4 32. Ng3 Rf4
33. a3 Nc6 34. Rf1 Rh4 35. b4 Rxh2 36. c4 h5 37. c5 h4 38. Ne2 Ne5 39. Bxe5
fxe5 40. a4 Ke6 41. a5 Kd7 42. a6 Kc8 43. Kc2 Kb8 44. c6 Bd6 45. Kd3 Rh3+ 46.
Kc4 Ra3 47. b5 Ra4+ 48. Kd5 Bc7 49. Rg1 Ra2 50. Nc3 Rd2+ 51. Ke6 Rd6+ 52. Ke7
h3 53. Rh1 Rh6 54. Nd5 Ba5 55. Ra1 h2 56. Rxa5 h1=Q 57. a7+ Ka8 58. Nc7# 1-0

[Event "Univé Chess Tournament 2009 - Open"]
[Site "Hoogeveen NED"]
[Date "2009.10.17"]
[Round "2.17"]
[White "Sparenberg, Erik"]
[Black "Vedder, Richard"]
[Result "0-1"]
[WhiteElo "2076"]
[BlackElo "2349"]
[PlyCount "78"]
[EventDate "2009.10.16"]
[EventType "swiss"]
[EventRounds "9"]
[EventCountry "NED"]
[Source "lmi"]
[SourceDate "2009.10.16"]

1. e4 c5 2. c3 e5 3. Nf3 Nc6 4. Bc4 Qc7 5. Na3 a6 6. O-O Nf6 7. Re1 Be7 8. Nc2
O-O 9. Ne3 d6 10. d3 Rb8 11. h3 b5 12. Bb3 a5 13. Nh2 a4 14. Bc2 Be6 15. Nhg4
Nxg4 16. hxg4 Qd8 17. g3 d5 18. Nf5 d4 19. a3 c4 20. Kg2 g6 21. Rh1 cxd3 22.
Rxh7 Kxh7 23. Qh1+ Kg8 24. Qh6 Bxf5 25. gxf5 Bf6 26. Bd2 Bg7 27. Qh3 Qf6 28.
Rh1 Rfd8 29. Bb1 Kf8 30. g4 gxf5 31. g5 Qd6 32. exf5 e4 33. f6 Bxf6 34. gxf6
Qxf6 35. Ba2 Ke7 36. cxd4 Rh8 37. d5 Rxh3 38. Rxh3 Rg8+ 39. Kf1 Qxb2 0-1

[Event "Univé Chess Tournament 2009 - Open"]
[Site "Hoogeveen NED"]
[Date "2009.10.17"]
[Round "2.19"]
[White "Heemskerk, Wim"]
[Black "Akotchik, Viktor"]
[Result "1-0"]
[WhiteElo "2236"]
[BlackElo "2102"]
[PlyCount "67"]
[EventDate "2009.10.16"]
[EventType "swiss"]
[EventRounds "9"]
[EventCountry "NED"]
[Source "lmi"]
[SourceDate "2009.10.16"]

1. d4 d5 2. Nf3 Nc6 3. g3 Bf5 4. Bg2 e6 5. c3 Be7 6. Nbd2 h5 7. O-O h4 8. Re1
hxg3 9. hxg3 Nf6 10. b4 Bd6 11. b5 Ne7 12. c4 Ng6 13. Qb3 Be7 14. Ng5 Ng4 15.
e4 dxe4 16. Ngxe4 Bxe4 17. Nxe4 f5 18. Bb2 fxe4 19. Rxe4 Nf6 20. Rxe6 Qd7 21.
Rae1 O-O-O 22. Qf3 Rde8 23. Qxb7+ Kd8 24. Qxa7 Bb4 25. Rxe8+ Nxe8 26. Bc6 Qc8
27. Bb7 Rh1+ 28. Bxh1 Bxe1 29. d5 Qf5 30. Qe3 Qb1 31. Bc1 Bb4 32. Be4 Bd2 33.
Bxb1 Bxe3 34. Bxe3 1-0

[Event "Univé Chess Tournament 2009 - Open"]
[Site "Hoogeveen NED"]
[Date "2009.10.17"]
[Round "2.20"]
[White "Ulibin, Mikhail"]
[Black "Stavast, Dick"]
[Result "1-0"]
[WhiteElo "2533"]
[BlackElo "1998"]
[PlyCount "63"]
[EventDate "2009.10.16"]
[EventType "swiss"]
[EventRounds "9"]
[EventCountry "NED"]
[Source "lmi"]
[SourceDate "2009.10.16"]

1. c4 f5 2. d4 Nf6 3. Nc3 d6 4. Nf3 g6 5. g3 Bg7 6. Bg2 O-O 7. O-O c6 8. d5 e5
9. dxe6 Bxe6 10. Qd3 Na6 11. Bf4 d5 12. Ng5 Bf7 13. cxd5 Nb4 14. Qc4 Nbxd5 15.
Rad1 Rc8 16. Be5 Qe7 17. Nxf7 Qxf7 18. Nxd5 Nxd5 19. Bxg7 Kxg7 20. Bxd5 cxd5
21. Qd4+ Kg8 22. Rd2 b6 23. Rfd1 f4 24. Qxd5 Qxd5 25. Rxd5 fxg3 26. hxg3 Rc2
27. R1d2 Rxd2 28. Rxd2 Rf7 29. Kg2 Kg7 30. f4 g5 31. Kf3 h5 32. e4 1-0